Medidas fiscales adoptadas en los países del Mercado Común, en Inglaterra y en Suecia, en relación con la autofinanciación / (Record no. 55998)

MARC details
000 -LEADER
campo de control de longitud fija 00581nam a2200157 i 4500
001 - NÚMERO DE CONTROL
campo de control 55998
003 - IDENTIFICADOR DE NÚMERO DE CONTROL
campo de control ES-MaACL
005 - FECHA Y HORA DE LA ÚLTIMA TRANSACCIÓN
campo de control 20230906163250.0
007 - CAMPO FIJO DE DESCRIPCIÓN FÍSICA--INFORMACIÓN GENERAL
campo de control de longitud fija t|
008 - DATOS DE LONGITUD FIJA--INFORMACIÓN GENERAL
campo de control de longitud fija 031001s1964 sp ||||1| spa d
100 1# - ENTRADA PRINCIPAL--NOMBRE DE PERSONA
Nombre de persona Díaz Monasterio, Félix de Luis.
9 (RLIN) 44358
245 10 - MENCIÓN DEL TÍTULO
Título Medidas fiscales adoptadas en los países del Mercado Común, en Inglaterra y en Suecia, en relación con la autofinanciación /
Mención de responsabilidad, etc. Félix de Luis Díaz Monasterio.
260 ## - PUBLICACIÓN, DISTRIBUCIÓN, ETC.
Lugar de publicación, distribución, etc. [Madrid] :
Nombre del editor, distribuidor, etc. Sociedad de Estudios y Publicaciones,
Fecha de publicación, distribución, etc. 1964.
300 ## - DESCRIPCIÓN FÍSICA
Extensión 105 p. ;
Dimensiones 21 cm.
852 ## - LOCALIZACIÓN
Ubicación ES-MaACL
Número de control de estantería C-26796
Sublocalización o colección R.54329
Holdings
Estatus retirado Estado de pérdida Estado de daño No para préstamo Biblioteca de origen Biblioteca actual Ubicación en estantería Fecha de adquisición Fuente de adquisición Total de préstamos Signatura topográfica completa Código de barras Visto por última vez Precio de reemplazo Tipo de ítem Koha
        Biblioteca del Ateneo de Madrid Biblioteca del Ateneo de Madrid Depósito 2 17/01/2008     C-26796 1058821 23/02/2023 23/02/2023 Libro impreso